000 00928nam a2200205Ia 4500
001 IA_It also did sensitivity analysis demonstrates that the project is not very susceptible to higher inputs and lower selling prices, so you can determine that the project is technically and economically feasible.
002 ESTUDIO DE FACTIBLIDAD TECNICO-ECONOMICO PARA LA I
008 220117s xx 000 0 und d
010 _a185975
530 _aDisponible en PDF
650 0 _aEntrepreneurship
_zMexico
_zVeracruz
_9148698
650 0 _aIniciativa empresarial
_zMéxico
_zVeracruz
_9148532
650 _aLemons
_xPackaging
_9160869
650 _aLimones
_xEnvasado
_9160870
700 _aCovarrubias Gutíerrez, Ignacio, asesor
_9163765
700 _aGarcía Chávez, Luis Ramiro, asesor
_9163729
700 1 _aPonce Hernández, Pedro
_9147918
942 _cTESIS H476 2009
999 _c185975
_d185975